Landlocked US States - Statistics

General Stats
  • This quiz has been taken 33 times
  • The average score is 23 of 27
Answer Stats
Hint Answer % Correct
Doubly Landlocked Kansas
93%
Doubly Landlocked Ohio
93%
Doubly Landlocked Iowa
90%
Triply Landlocked Nebraska
90%
Single Landlocked Nevada
90%
Doubly Landlocked South Dakota
90%
Single Landlocked Tennessee
90%
Single Landlocked Arkansas
87%
Doubly Landlocked Colorado
87%
Single Landlocked Idaho
87%
Single Landlocked Kentucky
87%
Doubly Landlocked Missouri
87%
Single Landlocked Montana
87%
Doubly Landlocked Utah
87%
Single Landlocked Vermont
87%
Doubly Landlocked Wyoming
87%
Doubly Landlocked Indiana
83%
Single Landlocked North Dakota
83%
Single Landlocked Oklahoma
83%
Single Landlocked Arizona
80%
Doubly Landlocked Illinois
80%
Single Landlocked Minnesota
80%
Doubly Landlocked Wisconsin
80%
Single Landlocked New Mexico
77%
Single Landlocked West Virginia
77%
Single Landlocked Michigan
73%
Single Landlocked Pennsylvania
63%
No matching quizzes found
Score Distribution
Percent of People with Each Score
Percentile by Number Answered
Your Score History
You have not taken this quiz